Bandito - Twenty One Pilots Lyrics - Statistics

General Stats
  • This quiz has been taken 17 times
  • The average score is 142 of 306
Answer Stats
Lyrics % Correct
a
100%
a
100%
a
100%
a
100%
a
100%
a
100%
ban-,
100%
ban-,
100%
ban-,
100%
bandito
100%
bandito
100%
bandito
100%
the
100%
the
100%
the
100%
But
90%
But
90%
But
90%
could
90%
could
90%
could
90%
going
90%
going
90%
going
90%
high
90%
high
90%
high
90%
Chorus I
90%
I
90%
Chorus I
90%
I
90%
Chorus I
90%
I
90%
I'm
90%
I'm
90%
I'm
90%
I'm
90%
I'm
90%
I'm
90%
I'm
90%
I'm
90%
I'm
90%
know
90%
know
90%
know
90%
low
90%
low
90%
low
90%
road
90%
road
90%
road
90%
take
90%
take
90%
take
90%
that
90%
that
90%
that
90%
a
80%
a
80%
a
80%
a
80%
ban-,
80%
ban-,
80%
bandito
80%
bandito
80%
the
80%
the
80%
the
80%
But
70%
But
70%
could
70%
could
70%
going
70%
going
70%
high
70%
high
70%
Chorus I
70%
I
70%
Chorus I
70%
I
70%
I'm
70%
I'm
70%
I'm
70%
I'm
70%
I'm
70%
I'm
70%
Verse 2 In
70%
is
70%
know
70%
know
70%
low
70%
low
70%
make
70%
road
70%
road
70%
sound
70%
take
70%
take
70%
that
70%
that
70%
Verse 1 This
70%
we
70%
When
70%
And
60%
between
60%
in
60%
places
60%
two
60%
we
60%
Where
60%
be
50%
bleed
50%
blood
50%
needs
50%
our
50%
the
50%
to
50%
to
50%
used
50%
where
50%
a
40%
a
40%
a
40%
a
40%
ban-,
40%
ban-,
40%
bandito
40%
bandito
40%
bandito
40%
brain
40%
contained
40%
feel
40%
form
40%
glass,
40%
I
40%
Chorus I
40%
Chorus I
40%
Chorus I
40%
Outro I
40%
inside
40%
is
40%
Like
40%
my
40%
my
40%
neon
40%
spirit
40%
the
40%
the
40%
the
40%
they
40%
a
30%
a
30%
a
30%
ban-,
30%
But
30%
But
30%
But
30%
But
30%
city,
30%
control
30%
could
30%
could
30%
could
30%
created
30%
Destroy
30%
feel
30%
fire
30%
Folina
30%
Folina
30%
Folina
30%
Folina
30%
Folina
30%
going
30%
going
30%
going
30%
heatless
30%
high
30%
high
30%
high
30%
I
30%
I
30%
I
30%
I
30%
I
30%
I
30%
I
30%
if
30%
I'm
30%
I'm
30%
I'm
30%
I'm
30%
I'm
30%
I'm
30%
I'm
30%
it
30%
know
30%
know
30%
know
30%
Like
30%
low
30%
low
30%
low
30%
road
30%
road
30%
road
30%
Sahlo
30%
Sahlo
30%
Sahlo
30%
Sahlo
30%
Sahlo
30%
sing
30%
So
30%
some
30%
take
30%
take
30%
take
30%
that
30%
that
30%
that
30%
the
30%
this
30%
To
30%
want
30%
world
30%
a
20%
control
20%
created
20%
Destroy
20%
discovered
20%
feel
20%
Bridge Folina
20%
Folina
20%
Folina
20%
(Folina)
20%
give
20%
I
20%
I
20%
if
20%
I'm
20%
I'm
20%
it
20%
it's
20%
nicknames
20%
recently
20%
Sahlo
20%
Sahlo
20%
Sahlo
20%
(Sahlo)
20%
(Sahlo)
20%
sing
20%
So
20%
some
20%
the
20%
The
20%
themselves
20%
they
20%
this
20%
through
20%
to
20%
To
20%
uninspire
20%
want
20%
world
20%
add
10%
be
10%
Began
10%
bounce
10%
bullet,
10%
But
10%
close
10%
could
10%
echo
10%
Either
10%
enough
10%
fear's
10%
fire
10%
for
10%
hear
10%
helps
10%
if
10%
I'm
10%
it
10%
it
10%
make
10%
me
10%
not
10%
now
10%
of
10%
off
10%
or
10%
proof
10%
relative
10%
rival
10%
softest
10%
still
10%
sure
10%
these
10%
to
10%
to
10%
to
10%
to
10%
truth
10%
way
10%
with
10%
words
10%
you
10%
No matching quizzes found
Score Distribution
Percent of People with Each Score
Percentile by Number Answered
Your Score History
You have not taken this quiz